000 00599nmm a2200241 a 4500
003 AR-BaBNM
005 20251128211501.0
008 284020s2001 ||||||||||||||000 | spa||
020 _a960-8136-12-1
040 _cAR-BaBNM
100 1 _aEmery, Sue
245 1 0 _aLink
_bcourse book : intermediate
250 _a1st ed.
260 _aAtenas
_bNew Editions
_c2001
300 _a120 p.
_bil., tbls., gráfs.
650 4 _aENSENANZA DE IDIOMAS
650 4 _aINGLES
650 4 _aLIBROS DE TEXTO
700 1 _aMackie, Gill
700 1 _aStephens, Nicholas
942 _cBK
998 _craquel
999 _c19840
_d19840